000 00709nam a2200265Ia 4500
003 OSt
005 20220918182337.0
006 a|||||r|||| 00| 0
007 ta
008 220917b |||||||| |||| 00| 0 eng d
024 _a32,073
037 _cTextual
040 _aARTS
_cARTS
_beng
041 _2eng
_aeng
082 _aO111,1L92:g(L), M6
100 _aCrook Nora
_915897
245 0 _aShelleys venomed melody
260 _aCambridge
_bCUP
_c1986
300 _axii,273p.
_ccm.
500 _aBib 231-63p
650 _aENGLISH LITERATURE
700 _a Guiton Derek
_960092
942 _hO111,1L92:g(L), M6
_cTEXL
_2CC
999 _c168668
_d168668